zpět

Detail výsledku týmu

Suzie's, Brno

Datum a čas kvízu

34 Celkem bodů Celkový počet nahraných bodů na tomto kvízu bez doplňovacích otázek.
3. Pořadí na kvízu Konečné umístění týmu na tomto kvízu.

Zaznamenané odpovědi

# Otázka Odpověď Body Výsledky
1. V pondělí přijel na státní náv... z Belgie 0
2. O které kulturní památce ležíc... o věznici Alcatraz 1
3. Minulý týden vyšlo album Ostra... Michal Prokop 0
4. Ve středu byl zveřejněn žebříč... Michal Strnad 0
5. Hokejový tým Utah, jehož brank... Mammoth (Mamut) 0
6. Podíváme se na historické udál... Pouštní bouře 1
7. Seřaďte chronologicky tyto pol... 1A 2D 3C 4B 1
8. V České republice vystoupila o... D 1
9. Ve kterém roce vstoupila Česká... v roce 2004, Vladimír Špidla 1
10. Ve kterém městě získala samost... ve Vídni, Kanadu 0